Countries İn The World İn 2000 BC - Statistics

General Stats
  • This quiz has been taken 24 times
  • The average score is 4 of 7
Answer Stats
Today's Country Country At 2000BC % Correct
İraq Babylonia
74%
Egypt Dynasty XI
63%
İraq Ur
58%
İndia/Pakistan İndus Valley
53%
İran Elam
42%
Greece Minoan
42%
China Xia State
42%
No matching quizzes found
Score Distribution
Percent of People with Each Score
Percentile by Number Answered
Your Score History
You have not taken this quiz